| 000 | 00889nam a2200265Ia 4500 | ||
|---|---|---|---|
| 003 | GCL | ||
| 005 | 20240530103730.0 | ||
| 008 | 140319s9999 xx 000 0 ara d | ||
| 040 |
_aGCL / _cGCL |
||
| 082 | 0 | 4 |
_a415 _bع ت |
| 100 | 1 | _aعبدالله احمد جاد الكريم | |
| 245 | 1 | 0 |
_aالتوهم عند النحاة / _cعبدالله احمد جاد الكريم |
| 250 | _aالاولى | ||
| 260 |
_aالقاهرة : _bمكتبة الاداب ، _c2001 |
||
| 300 |
_a280 ص ؛ _c28 سم |
||
| 650 | 0 | 4 | _aالنحو |
| 650 | 0 | 4 | _aالجغرافيا الرياضية |
| 650 | 0 | 4 | _aالخرائط |
| 650 | 0 | 4 | _aاللغة العربية - النحو |
| 650 | 0 | 4 | _aاللغة العربية - الصرف |
| 650 | 0 | 4 | _aمقياس الرسم |
| 700 | 1 | _aجميل نجيب عبدالله | |
| 700 | 1 | _aعبدالله احمد جادالكريم | |
| 942 |
_2ddc _cBK |
||
| 999 |
_c42035 _d42035 |
||